| 000 | 00645nam a22002057a 4500 | ||
|---|---|---|---|
| 005 | 20251108172723.0 | ||
| 008 | 250721s2002 xx 000 0 ara d | ||
| 082 | 1 | 4 | _a320.9565/نصي |
| 100 | 1 |
_aنصيرات، سليمان _eمؤلف |
|
| 245 | 1 | 0 | _aالشخصية الأردنية بين البعد الوطني والبعد القومي / |
| 264 | 1 |
_aعمان : _c2002. |
|
| 300 | _a488ص. | ||
| 650 | 1 | 7 | _aالظروف السياسية |
| 650 | 1 | 7 | _aالتاريخ السياسي |
| 650 | 1 | 7 | _aالأحزاب السياسية |
| 650 | 1 | 7 | _aالأردن |
| 650 | 1 | 7 | _aالديموقراطية |
| 942 |
_2ddc _cBK |
||
| 999 |
_c86823 _d86823 |
||